Jewish US Cities - Statistics

General Stats
  • This quiz has been taken 1,149 times
    1,063 since last reset
  • The average score is 16 of 20
Answer Stats
Jewish Population City % Correct
2,028,200 New York City
99%
662,450 Los Angeles
96%
535,000 Miami
94%
265,400 Chicago
93%
228,000 San Francisco
91%
261,100 Boston
90%
48,400 Houston
87%
285,950 Philadelphia
87%
57,800 Dallas
86%
276,445 Washington D.C.
83%
89,000 San Diego
81%
63,400 Seattle
81%
120,000 Atlanta
80%
78,000 Detroit
78%
45,000 Portland
71%
83,900 Denver
70%
82,900 Phoenix
69%
86,600 Cleveland
67%
80,000 Las Vegas
64%
54,500 St. Louis
50%
No matching quizzes found
Score Distribution
Percent of People with Each Score
Percentile by Number Answered
Your Score History
You have not taken this quiz since the last reset